A picture for Harold's room : a purple crayon adventure /

Stepping into the picture he has drawn with his purple crayon, Harold continues drawing his way through various adventures.

Bibliographic Details
Main Author: Johnson, Crockett, 1906-1975
Format: Book
Language:English
Published: New York : HarperCollins, [1960]
Series:I can read book.
Subjects:

MARC

Tag First Indicator Second Indicator Subfields
LEADER 00000cam a22000001 4500
001 in00002780158
005 20150922120628.0
008 780620s1960 nyua j 000 1 eng
010 |a  60006372  
020 |a 0060230061 
020 |a 9780060230067 
020 |a 0064440850 (pbk.) 
020 |a 9780064440851 (pbk.) 
035 |a (OCoLC)ocm08991676 
040 |a DLC  |c DLC  |d UtOrBLW 
049 |a TXAM 
050 0 0 |a PZ7.J63162  |b Pi 1960 
082 0 0 |a [E] 
100 1 |a Johnson, Crockett,  |d 1906-1975. 
245 1 2 |a A picture for Harold's room :  |b a purple crayon adventure /  |c by Crockett Johnson. 
264 1 |a New York :  |b HarperCollins,  |c [1960] 
264 4 |c ©1960 
300 |a 64 pages :  |b illustrations ;  |c 16 cm. 
336 |a text  |b txt  |2 rdacontent 
337 |a unmediated  |b n  |2 rdamedia 
338 |a volume  |b nc  |2 rdacarrier 
490 1 |a An I can read book 
520 |a Stepping into the picture he has drawn with his purple crayon, Harold continues drawing his way through various adventures. 
650 0 |a Fantasy. 
650 1 |a Fantasy. 
830 0 |a I can read book. 
945 |a PromptCat  |b 30975 
946 |a curr 
947 |a A14835997205 
948 |a cataloged  |b h  |c 2012/10/3  |d c  |e dmitchel  |f 9:20:10 am 
994 |a 92  |b TXA 
999 |a MARS 
999 f f |s 84935056-37e2-31e6-a7f8-82a222814995  |i f4e0507c-5170-3515-b81d-44776b730818  |t 0 
952 f f |p normal  |a Texas A&M University  |b College Station  |c Sterling C. Evans Library  |d Evans: Curriculum Collection (4th floor)  |t 0  |e PZ7.J63162 Pi 1960  |h Library of Congress classification  |i unmediated -- volume  |m A14835997205 
998 f f |a PZ7.J63162 Pi 1960  |t 0  |l Evans: Curriculum Collection (4th floor)